Manažujte svoje riziká (ak viete ako...)

Investície do riadenia rizík sa rapídne zvyšujú, ale často chýba správne meranie ich výsledkov. Pre mnohých manažérov sú prínosy investícií do oblasti riadenia rizík v rozpore s očakávaniami, ktoré do nich vkladali. V prípade nejasných pravidiel investovania do riadenia rizík, môžu tieto investície...

Descrizione completa

Salvato in:
Dettagli Bibliografici
Natura: Capitolo di libro
Lingua:slovacco
Soggetti:
Tags: Aggiungi Tag
Nessun Tag, puoi essere il primo ad aggiungerne!!

MARC

LEADER 00000naa a2200000 4500
001 0125751
005 20231011122202.9
041 0 |a slo 
044 |a SK 
245 1 0 |a Manažujte svoje riziká (ak viete ako...) 
520 |a Investície do riadenia rizík sa rapídne zvyšujú, ale často chýba správne meranie ich výsledkov. Pre mnohých manažérov sú prínosy investícií do oblasti riadenia rizík v rozpore s očakávaniami, ktoré do nich vkladali. V prípade nejasných pravidiel investovania do riadenia rizík, môžu tieto investície priniesť nulový efekt. Firmy pociťujú zvýšené riziko pri zavádzaní nových technológií. 
610 2 0 |a riziko 
610 2 0 |a risk management 
610 2 0 |a riadenie rizík 
610 2 0 |a investície 
610 2 0 |a technológie nové